La lengua gallega en Curros Enríquez / (Record no. 63049)

MARC details
000 -LEADER
campo de control de longitud fija 00694nam a2200205 i 4500
001 - NÚMERO DE CONTROL
campo de control 63049
003 - IDENTIFICADOR DE NÚMERO DE CONTROL
campo de control ES-MaACL
005 - FECHA Y HORA DE LA ÚLTIMA TRANSACCIÓN
campo de control 20230906164757.0
007 - CAMPO FIJO DE DESCRIPCIÓN FÍSICA--INFORMACIÓN GENERAL
campo de control de longitud fija t|
008 - DATOS DE LONGITUD FIJA--INFORMACIÓN GENERAL
campo de control de longitud fija 031128m19521953sp |||| | spa d
100 1# - ENTRADA PRINCIPAL--NOMBRE DE PERSONA
Nombre de persona Fernández Pousa, Ramón
9 (RLIN) 50010
245 13 - MENCIÓN DEL TÍTULO
Título La lengua gallega en Curros Enríquez /
Mención de responsabilidad, etc. Ramón Fernández Pousa.
260 ## - PUBLICACIÓN, DISTRIBUCIÓN, ETC.
Lugar de publicación, distribución, etc. Madrid :
Nombre del editor, distribuidor, etc. [s.n.],
Fecha de publicación, distribución, etc. 1952-1953.
300 ## - DESCRIPCIÓN FÍSICA
Extensión 43 p. ;
Dimensiones 25 cm.
595 ## -
-- Separata de: Revista de archivos, bibliotecas y museos, t. 58-59, años 1952-1953.
600 14 - PUNTO DE ACCESO ADICIONAL DE MATERIA--NOMBRE DE PERSONA
Nombre de persona Curros Enríquez, Manuel-
Subdivisión general Crítica e interpretación.
9 (RLIN) 147176
650 #4 - PUNTO DE ACCESO ADICIONAL DE MATERIA--TÉRMINO DE MATERIA
Término de materia o nombre geográfico como elemento de entrada Lengua gallega.
9 (RLIN) 136360
852 ## - LOCALIZACIÓN
Ubicación ES-MaACL
Número de control de estantería 1977-F-2-3
Holdings
Estatus retirado Estado de pérdida Estado de daño No para préstamo Colección Biblioteca de origen Biblioteca actual Ubicación en estantería Fecha de adquisición Fuente de adquisición Total de préstamos Signatura topográfica completa Código de barras Visto por última vez Precio de reemplazo Tipo de ítem Koha
        Colección de folletos Biblioteca del Ateneo de Madrid Biblioteca del Ateneo de Madrid Depósito folletos 17/01/2008     1977-F-2-3 1066097 23/02/2023 23/02/2023 Folleto